00440 a2200145 4500020001800000040000800018100002200026245008700048250001100135260004500146300003400191650002400225700002300249700002200272 a0-8053-6054-9 aDLC1 aMcFadden, Fred R.00aModern database management cFred R. McFadden, Jeffrey A. Hoffer, Mary B. Prescott a5. ed. aNew Delhi. :bAddison-Wesley,ccop. 1999 axxvi, 622 s. :bill. ;c27 cm 7aDatabase management1 aHoffer, Jeffrey A.1 aPrescott, Mary B.